[Event "Chessemy Open 2022"]
[Site "Reinstorf"]
[Date "2022.02.01"]
[Round "4.37"]
[White "Ermitsch, Michael"]
[Black "Hilbenz, Guntram"]
[Result "1-0"]
[WhiteElo "2103"]
[BlackElo "1857"]
[Annotator "TA"]
[PlyCount "79"]
[EventDate "2022.01.29"]
[EventType "swiss"]
[EventCountry "GER"]
[SourceTitle "playchess.com"]
[Source "ChessBase"]
[SourceQuality "1"]

1. e4 e5 2. Nf3 Nc6 3. Bc4 Nf6 4. Ng5 d5 5. exd5 Na5 6. Bb5+ c6 7. dxc6 bxc6 8. Bd3 Nd5 9. Nf3 Bd6 10. O-O O-O 11. Re1 Qc7 12. Bf1 f5 13. c4 Nf4 14. b4 Bxb4 15. Nxe5 Re8 16. Nd3 Rxe1 17. Qxe1 Nxd3 18. Qe8+ Bf8 19. Bxd3 Qe7 20. Qxe7 Bxe7 21. Ba3 Kf7 22. Bxe7 Kxe7 23. Nc3 Rb8 24. Re1+ Kf7 25. Re5 Nb7 26. f4 g6 27. Kf2 Be6 28. Ke3 Nd6 29. Ra5 Rb7 30. Ra6 Bd7 31. Na4 Rc7 32. Nc5 Bc8 33. Ra3 Ke7 34. Be2 Ne8 35. Bf3 Kd6 36. d4 Nf6 37. Nd3 Nd7 38. c5+ Ke7 39. Nb4 Nb8 40. d5 1-0

[Event "Chessemy Open 2022"]
[Site "Reinstorf"]
[Date "2022.02.01"]
[Round "4.38"]
[White "Paashaus, Detlef"]
[Black "Klaska, Philipp Leon"]
[Result "0-1"]
[WhiteElo "2096"]
[BlackElo "1831"]
[Annotator "TA"]
[PlyCount "62"]
[EventDate "2022.01.29"]
[EventType "swiss"]
[EventCountry "GER"]
[SourceTitle "playchess.com"]
[Source "ChessBase"]
[SourceQuality "1"]

1. d4 Nf6 2. Nf3 d5 3. e3 Bf5 4. Bd3 Bg6 5. Bxg6 hxg6 6. c4 e6 7. Qa4+ c6 8. cxd5 exd5 9. Nc3 Bd6 10. Bd2 Nbd7 11. O-O-O O-O 12. Qc2 Re8 13. Kb1 a5 14. h4 Ra6 15. Rdg1 b5 16. g4 b4 17. Na4 Re4 18. h5 Nxg4 19. hxg6 fxg6 20. Rg2 Qf6 21. Qd1 Ra8 22. Rh3 Rf8 23. Qg1 Qf5 24. Nh4 Qe6 25. f3 Nxe3 26. Rxg6 Qxh3 27. Rxg7+ Kh8 28. Ng6+ Kxg7 29. Nf4+ Qg4 30. fxg4 Bxf4 31. g5 Rf5 0-1

[Event "Chessemy Open 2022"]
[Site "Reinstorf"]
[Date "2022.02.01"]
[Round "4.40"]
[White "Hipler, Andreas"]
[Black "Pfau, Beate"]
[Result "1-0"]
[WhiteElo "1803"]
[BlackElo "2034"]
[Annotator "TA"]
[PlyCount "115"]
[EventDate "2022.01.29"]
[EventType "swiss"]
[EventCountry "GER"]
[SourceTitle "playchess.com"]
[Source "ChessBase"]
[SourceQuality "1"]

1. d4 g6 2. Nf3 Bg7 3. g3 Nf6 4. Bg2 O-O 5. O-O d5 6. c4 c6 7. b3 Bf5 8. Nc3 Ne4 9. Bb2 Na6 10. e3 Rc8 11. Nh4 Nxc3 12. Bxc3 Be6 13. c5 Nxc5 14. Rc1 Ne4 15. Bb4 Qd7 16. Re1 Rfe8 17. Re2 Bh3 18. Nf3 f6 19. Ne1 Bxg2 20. Kxg2 e5 21. Nd3 Ng5 22. Rec2 Qh3+ 23. Kh1 h5 24. f4 Ne4 25. Qf3 exd4 26. exd4 Re6 27. f5 Ng5 28. Qf2 Qxf5 29. Qxf5 gxf5 30. Nf4 Re4 31. Nxh5 Ne6 32. Bc3 Nxd4 33. Rd2 Ne2 34. Rcc2 Nxc3 35. Rxc3 Rce8 36. Rf2 Re1+ 37. Kg2 R1e2 38. Rcf3 Rxf2+ 39. Kxf2 Re5 40. Nf4 d4 41. Nd3 Ra5 42. a4 Kf7 43. Ke2 Bh6 44. Nb2 Re5+ 45. Kd3 Re3+ 46. Rxe3 dxe3 47. Nc4 b6 48. a5 b5 49. Nxe3 Bxe3 50. Kxe3 c5 51. a6 Kg6 52. Kf4 Kf7 53. Kxf5 c4 54. bxc4 b4 55. Ke4 Ke6 56. h4 Kd6 57. Kd4 f5 58. h5 1-0

[Event "Chessemy Open 2022"]
[Site "Reinstorf"]
[Date "2022.02.01"]
[Round "4.41"]
[White "Labruyere, Roger"]
[Black "Zhou, Lepu Coco"]
[Result "1/2-1/2"]
[WhiteElo "2024"]
[BlackElo "1819"]
[Annotator "TA"]
[PlyCount "142"]
[EventDate "2022.01.29"]
[EventType "swiss"]
[EventCountry "GER"]
[SourceTitle "playchess.com"]
[Source "ChessBase"]
[SourceQuality "1"]

1. d4 d5 2. c4 dxc4 3. e3 a6 4. Bxc4 Nf6 5. Nf3 e6 6. Nc3 b5 7. Bd3 Bb7 8. O-O Nbd7 9. a3 c5 10. Bc2 Be7 11. Qe2 O-O 12. Rd1 Qc7 13. dxc5 Nxc5 14. b4 Nce4 15. Nxe4 Nxe4 16. Bb2 Nc3 17. Bxh7+ Kxh7 18. Qc2+ Be4 19. Qxc3 Qxc3 20. Bxc3 Rac8 21. Bd4 f6 22. Rac1 Rfd8 23. Kf1 Bc2 24. Re1 Rd7 25. Kg1 Rdc7 26. Bb2 e5 27. h3 a5 28. bxa5 b4 29. axb4 Bxb4 30. Rf1 Bxa5 31. g4 Be4 32. Kg2 Rc2 33. Kg3 Bb7 34. Rxc2 Rxc2 35. Ba1 Bc7 36. Nh4 g6 37. Rd1 Bc6 38. f3 Ba5 39. Ng2 Ra2 40. g5 Ba4 41. Rb1 fxg5 42. Rb7+ Kg8 43. Bxe5 Be8 44. Bf6 Bc6 45. Rg7+ Kf8 46. Be5 Bb5 47. Rb7 Bf1 48. Rb2 Rxb2 49. Bxb2 Ke7 50. Kf2 Bb5 51. Bd4 Bd7 52. h4 gxh4 53. Nxh4 Kf7 54. Ng2 Bc7 55. Ne1 g5 56. Nd3 g4 57. f4 Kg6 58. Kg3 Kh5 59. Nc5 Bc8 60. Ne4 Bd8 61. Nd6 Bd7 62. e4 Bh4+ 63. Kg2 Bc6 64. Kh2 g3+ 65. Kh3 Ba4 66. e5 Bd7+ 67. Kg2 Kg4 68. Be3 Bc6+ 69. Kg1 Bd7 70. Kg2 Bc6+ 71. Kg1 Bd7 1/2-1/2

[Event "Chessemy Open 2022"]
[Site "Reinstorf"]
[Date "2022.02.01"]
[Round "4.42"]
[White "Wagner, Frank"]
[Black "Anderberg, Peter"]
[Result "1/2-1/2"]
[WhiteElo "1948"]
[BlackElo "2003"]
[Annotator "TA"]
[PlyCount "36"]
[EventDate "2022.01.29"]
[EventType "swiss"]
[EventCountry "GER"]
[SourceTitle "playchess.com"]
[Source "ChessBase"]
[SourceQuality "1"]

1. Nf3 d5 2. d4 c5 3. e3 Nc6 4. c3 cxd4 5. exd4 Bg4 6. Be2 Qc7 7. Be3 e6 8. Nh4 Bxe2 9. Qxe2 Bd6 10. Nf3 Nge7 11. Nbd2 O-O 12. O-O Rab8 13. a4 Rfc8 14. Rfb1 Na5 15. h3 Nc4 16. Nxc4 Qxc4 17. Qd2 Qc7 18. Ne1 b6 1/2-1/2

[Event "Chessemy Open 2022"]
[Site "Reinstorf"]
[Date "2022.02.01"]
[Round "4.43"]
[White "Launert, Martin"]
[Black "Acarbay, Algi"]
[Result "0-1"]
[WhiteElo "1790"]
[BlackElo "1992"]
[Annotator "NA"]
[PlyCount "76"]
[EventDate "2022.01.29"]
[EventType "swiss"]
[EventCountry "GER"]
[SourceTitle "playchess.com"]
[Source "ChessBase"]
[SourceQuality "1"]

1. e4 c5 2. Nf3 Nc6 3. d4 cxd4 4. Nxd4 g6 5. Nc3 Bg7 6. Be3 Nf6 7. Bc4 O-O 8. Bb3 d6 9. h3 Na5 10. Qd2 a6 11. O-O b5 12. f3 Nxb3 13. Nxb3 Bb7 14. Bh6 Rc8 15. Bxg7 Kxg7 16. a3 Qb6+ 17. Qf2 Qc7 18. Rac1 Rfd8 19. Rfe1 e5 20. Red1 d5 21. exd5 Nxd5 22. Ne4 a5 23. c3 Nf4 24. Rxd8 Rxd8 25. Qc5 Qxc5+ 26. Nexc5 Ne2+ 27. Kh2 Nxc1 28. Nxb7 Rd1 29. Nxc1 Rxc1 30. Nxa5 f5 31. Nc6 Kf6 32. Na7 Rc2 33. b4 Rxc3 34. Nxb5 Rb3 35. Kg1 e4 36. f4 g5 37. fxg5+ Ke5 38. Kf2 Rb2+ 0-1

[Event "Chessemy Open 2022"]
[Site "Reinstorf"]
[Date "2022.02.01"]
[Round "4.44"]
[White "Poschadel, Andreas Gregor"]
[Black "Wilmink, Anna"]
[Result "1-0"]
[WhiteElo "1981"]
[BlackElo "1696"]
[Annotator "TA"]
[PlyCount "87"]
[EventDate "2022.01.29"]
[EventType "swiss"]
[EventCountry "GER"]
[SourceTitle "playchess.com"]
[Source "ChessBase"]
[SourceQuality "1"]

1. e4 Nc6 2. d4 d5 3. e5 f6 4. f4 Bf5 5. c3 e6 6. Nf3 Qd7 7. Bb5 a6 8. Ba4 b5 9. Bc2 Bxc2 10. Qxc2 Na5 11. O-O f5 12. Be3 Nh6 13. h3 Be7 14. Nbd2 Nf7 15. a4 Qc8 16. b3 Qb7 17. axb5 axb5 18. c4 c6 19. Ra2 O-O 20. c5 Ra7 21. Rfa1 Rfa8 22. Ra3 Bd8 23. Qa2 b4 24. Ra4 Qb5 25. Kf2 Bc7 26. Ne1 Bb8 27. Qb2 Nb7 28. Qc2 h6 29. Nd3 Rxa4 30. bxa4 Qa5 31. Nb3 Qc7 32. Bd2 g5 33. Qd1 Qe7 34. Qh5 Kg7 35. Nxb4 Nbd8 36. a5 Ba7 37. a6 Rb8 38. g3 gxf4 39. gxf4 Kh7 40. Kf3 Nh8 41. Na5 Qc7 42. Qe8 Rc8 43. Rg1 Nb7 44. Qxe6 1-0

[Event "Chessemy Open 2022"]
[Site "Reinstorf"]
[Date "2022.02.01"]
[Round "4.45"]
[White "Zschiesing, Falk"]
[Black "Bauer, Dieter"]
[Result "1-0"]
[WhiteElo "1961"]
[BlackElo "1670"]
[Annotator "ChessBase"]
[PlyCount "82"]
[EventDate "2022.01.29"]
[EventType "swiss"]
[EventCountry "GER"]
[SourceTitle "playchess.com"]
[Source "ChessBase"]
[SourceQuality "1"]

1. e4 g6 2. d4 c6 3. Nc3 Bg7 4. f4 d5 5. e5 h5 6. Be3 Bg4 7. Nf3 Nh6 8. h3 Bxf3 9. Qxf3 e6 10. g4 Qh4+ 11. Bf2 hxg4 12. Qd3 g3 13. Bxg3 Qd8 14. O-O-O Nf5 15. Bf2 Nd7 16. Qd2 Bf8 17. Be2 Rc8 18. Bg4 Qa5 19. Bxf5 gxf5 20. a3 b5 21. Na2 Qb6 22. Kb1 c5 23. h4 a5 24. c3 Rb8 25. h5 Qa6 26. dxc5 Nxc5 27. Bxc5 Bxc5 28. Qg2 Bf8 29. Qg5 Qb7 30. h6 b4 31. cxb4 axb4 32. a4 Qe7 33. Qxe7+ Kxe7 34. h7 Kd7 35. Rdg1 Bc5 36. Rg7 Kc6 37. Rh3 f6 38. Rh6 d4 39. Nc1 d3 40. Nxd3 Bd4 41. Rxf6 Kd5 1-0

[Event "Chessemy Open 2022"]
[Site "Reinstorf"]
[Date "2022.02.01"]
[Round "4.47"]
[White "Hartmann, Wolfgang"]
[Black "Schulze, Tim"]
[Result "1-0"]
[WhiteElo "1917"]
[BlackElo "1578"]
[Annotator "ChessBase"]
[PlyCount "41"]
[EventDate "2022.01.29"]
[EventType "swiss"]
[EventCountry "GER"]
[SourceTitle "playchess.com"]
[Source "ChessBase"]
[SourceQuality "1"]

1. Nf3 d5 2. d4 Nf6 3. e3 c5 4. c3 e6 5. Bd3 Be7 6. O-O O-O 7. Nbd2 Nc6 8. dxc5 Bxc5 9. b4 Be7 10. Bb2 b6 11. a3 Bb7 12. Qe2 Rc8 13. Rad1 Qc7 14. e4 dxe4 15. Nxe4 Nd5 16. Neg5 h6 17. Nxe6 Nxc3 18. Bxc3 fxe6 19. Qxe6+ Kh8 20. Qxh6+ Kg8 21. Qxg7# 1-0

[Event "Chessemy Open 2022"]
[Site "Reinstorf"]
[Date "2022.02.01"]
[Round "4.48"]
[White "Cordsen, Heinrich"]
[Black "Gressmann, Hanna"]
[Result "1-0"]
[WhiteElo "1685"]
[BlackElo "1892"]
[Annotator "NA"]
[PlyCount "63"]
[EventDate "2022.01.29"]
[EventType "swiss"]
[EventCountry "GER"]
[SourceTitle "playchess.com"]
[Source "ChessBase"]
[SourceQuality "1"]

1. e4 d6 2. d4 Nf6 3. Bd3 Nbd7 4. Nf3 e5 5. c3 Be7 6. O-O h6 7. Nbd2 c6 8. Nc4 Qc7 9. Ne3 g6 10. Bd2 Nf8 11. h3 Ne6 12. Nc4 Nd7 13. a4 Bf6 14. Be3 Bg7 15. Qd2 Nef8 16. a5 g5 17. Bc2 exd4 18. Bxd4 Ne5 19. Nfxe5 dxe5 20. Bc5 Qd7 21. Nd6+ Ke7 22. Nxc8+ Kd8 23. Nd6 Kc7 24. Nc4 Qxd2 25. Nxd2 Ne6 26. Be3 h5 27. Bb3 g4 28. Bxe6 fxe6 29. h4 Bf6 30. g3 Rad8 31. Rfd1 Rd3 32. Nb3 1-0

[Event "Chessemy Open 2022"]
[Site "Reinstorf"]
[Date "2022.02.01"]
[Round "4.50"]
[White "Neves, Carlos Alberto Brasi"]
[Black "Ziese, Gerhard"]
[Result "0-1"]
[WhiteElo "1914"]
[BlackElo "1876"]
[Annotator "RC"]
[PlyCount "123"]
[EventDate "2022.01.29"]
[EventType "swiss"]
[EventCountry "GER"]
[SourceTitle "playchess.com"]
[Source "ChessBase"]
[SourceQuality "1"]

1. d4 Nf6 2. c4 c5 3. d5 b5 4. cxb5 a6 5. bxa6 g6 6. Nc3 Bg7 7. e4 O-O 8. e5 Ne8 9. h4 Bxe5 10. Nf3 Bf6 11. h5 Ng7 12. Bd3 Bxa6 13. hxg6 hxg6 14. Ng5 Qc7 15. Bxa6 Nxa6 16. Nge4 Bd4 17. d6 Qc6 18. dxe7 Rfe8 19. Nd5 Nf5 20. Qxd4 cxd4 21. Nef6+ Qxf6 22. Nxf6+ Kg7 23. Nxe8+ Rxe8 24. Bf4 Rxe7+ 25. Kd2 Nc5 26. f3 Ne6 27. Bh2 d5 28. b3 Rb7 29. g4 Ne7 30. Rac1 g5 31. Kd3 Ng6 32. Rc2 Kf6 33. Re1 Rb4 34. Rc6 Rb5 35. Bd6 Rb7 36. Bg3 Rb4 37. Kc2 Rb7 38. a4 Ra7 39. Kd3 Rb7 40. Kc2 d3+ 41. Kb2 Rb4 42. Rd1 Rd4 43. Kc3 Ngf4 44. Bxf4 Rxf4 45. Rxd3 Ke5 46. Rxe6+ fxe6 47. a5 Kd6 48. b4 Kc6 49. a6 Kb6 50. b5 Kxb5 51. a7 Ra4 52. a8=Q Rxa8 53. Kd4 Rh8 54. Rb3+ Kc6 55. Ra3 Rh6 56. Rb3 Kd6 57. Rb6+ Kc7 58. Rb2 Kd6 59. Rb6+ Ke7 60. Ke5 Kd7 61. Kd4 e5+ 62. Kc5 0-1

[Event "Chessemy Open 2022"]
[Site "Reinstorf"]
[Date "2022.02.02"]
[Round "5.1"]
[White "Van den Doel, Erik"]
[Black "Mis, Mieszko"]
[Result "1/2-1/2"]
[WhiteElo "2591"]
[BlackElo "2417"]
[Annotator "TA"]
[PlyCount "62"]
[EventDate "2022.01.29"]
[EventType "swiss"]
[EventCountry "GER"]
[SourceTitle "playchess.com"]
[Source "ChessBase"]
[SourceQuality "1"]

1. Nf3 Nf6 2. g3 d5 3. Bg2 c5 4. O-O Nc6 5. d4 e6 6. c4 dxc4 7. dxc5 Qxd1 8. Rxd1 Bxc5 9. Nbd2 c3 10. bxc3 O-O 11. Nb3 Be7 12. Nfd4 Nxd4 13. Nxd4 Rd8 14. Bd2 Kf8 15. Nb3 a5 16. Be3 Nd5 17. Bxd5 Rxd5 18. Rxd5 exd5 19. Bc5 Ra6 20. Rd1 Bxc5 21. Nxc5 Rc6 22. Rxd5 b6 23. Na4 Ba6 24. Kf1 Bc4 25. Rd8+ Ke7 26. Rb8 Bxa2 27. Nxb6 Rxc3 28. Ke1 Be6 29. Ra8 Ra3 30. Ra6 Kd8 31. Ra7 Ra2 1/2-1/2

[Event "Chessemy Open 2022"]
[Site "Reinstorf"]
[Date "2022.02.03"]
[Round "5.1"]
[White "Marcinczyk, Monika"]
[Black "Chitsazian, Daniel"]
[Result "1/2-1/2"]
[WhiteElo "2020"]
[BlackElo "1594"]
[Annotator "TA"]
[PlyCount "119"]
[EventDate "2022.01.29"]
[EventType "swiss"]
[EventCountry "GER"]
[SourceTitle "playchess.com"]
[Source "ChessBase"]
[SourceQuality "1"]

1. e4 c5 2. Nf3 Nc6 3. d4 cxd4 4. Nxd4 Nf6 5. Nc3 e5 6. Ndb5 d6 7. Bg5 a6 8. Na3 b5 9. Nd5 Be7 10. Bxf6 Bxf6 11. c4 b4 12. Nc2 a5 13. b3 Bg5 14. g3 O-O 15. h4 Bh6 16. Bg2 Ne7 17. Nce3 Bxe3 18. Nxe3 Be6 19. Qd3 Nc6 20. Nf5 Bxf5 21. exf5 Nd4 22. O-O Ra7 23. Rad1 g6 24. Qe3 Qf6 25. f4 gxf5 26. c5 dxc5 27. fxe5 Qe6 28. Rc1 Rc8 29. Bh3 f6 30. Qf2 Rg7 31. exf6 Ne2+ 32. Kh2 Rxg3 33. Qxf5 Qxf5 34. Bxf5 Rd8 35. Rce1 Re3 36. Rf2 Rd2 37. Bg4 Nd4 38. Rxd2 Rxe1 39. Bh5 Re5 40. Rg2+ Kf8 41. Bg4 Kf7 42. Rf2 h5 43. Bd1 Rf5 44. Rxf5 Nxf5 45. Bxh5+ Kxf6 46. Kh3 Nd4 47. Be8 Ke7 48. Bg6 Ne2 49. Kg4 Kf6 50. Bc2 Nc3 51. Kf4 Nxa2 52. Ke4 Nc3+ 53. Kd3 Nd5 54. Kc4 Ne3+ 55. Kd3 Nxc2 56. Kxc2 Kg6 57. Kd3 Kh5 58. Kc4 Kxh4 59. Kxc5 a4 60. Kxb4 1/2-1/2

[Event "Chessemy Open 2022"]
[Site "Reinstorf"]
[Date "2022.02.02"]
[Round "5.2"]
[White "Lubbe, Nikolas"]
[Black "Zaragatski, Ilja"]
[Result "1/2-1/2"]
[WhiteElo "2433"]
[BlackElo "2509"]
[Annotator "TA"]
[PlyCount "72"]
[EventDate "2022.01.29"]
[EventType "swiss"]
[EventCountry "GER"]
[SourceTitle "playchess.com"]
[Source "ChessBase"]
[SourceQuality "1"]

1. e4 c6 2. d4 d5 3. Nc3 dxe4 4. Nxe4 Bf5 5. Ng3 Bg6 6. h4 h6 7. Nf3 e6 8. Ne5 Bh7 9. Bd3 Bxd3 10. Qxd3 Nd7 11. f4 Be7 12. Bd2 Nxe5 13. fxe5 Bxh4 14. O-O-O Bxg3 15. Qxg3 Ne7 16. Qxg7 Rg8 17. Qh7 Qd5 18. Rdf1 O-O-O 19. Rxf7 Rxg2 20. Rxe7 Rg7 21. Qxh6 Rxe7 22. Bg5 Red7 23. Bxd8 Kxd8 24. c3 Qxa2 25. Qf8+ Kc7 26. Rh8 Qa1+ 27. Kc2 Qe1 28. Qc8+ Kb6 29. Qxd7 Qe2+ 30. Kc1 Qe1+ 31. Kc2 Qe2+ 32. Kb3 Qb5+ 33. Ka3 Qa5+ 34. Kb3 Qb5+ 35. Ka2 Qa4+ 36. Kb1 Qd1+ 1/2-1/2

[Event "Chessemy Open 2022"]
[Site "Reinstorf"]
[Date "2022.02.02"]
[Round "5.3"]
[White "Kozak, Adam"]
[Black "Colbow, Collin"]
[Result "1-0"]
[WhiteElo "2526"]
[BlackElo "2322"]
[Annotator "TA"]
[PlyCount "91"]
[EventDate "2022.01.29"]
[EventType "swiss"]
[EventCountry "GER"]
[SourceTitle "playchess.com"]
[Source "ChessBase"]
[SourceQuality "1"]

1. d4 Nf6 2. c4 e6 3. Nf3 Bb4+ 4. Bd2 Qe7 5. g3 Nc6 6. Nc3 Bxc3 7. Bxc3 Ne4 8. Rc1 d6 9. Bg2 O-O 10. Qc2 Nxc3 11. Qxc3 e5 12. d5 Nb8 13. c5 Bg4 14. Nd2 a5 15. Nc4 dxc5 16. Ne3 Bd7 17. Qxc5 Qxc5 18. Rxc5 Rc8 19. Kd2 a4 20. Rhc1 Na6 21. R5c3 Rab8 22. Ke1 f6 23. Be4 b6 24. Bf5 Rd8 25. Bxd7 Rxd7 26. Ra3 Nc5 27. b4 axb3 28. axb3 Rc8 29. b4 Ne4 30. Nc4 Nd6 31. Nxd6 Rxd6 32. e4 f5 33. f3 fxe4 34. fxe4 Rf6 35. Ra7 c5 36. bxc5 bxc5 37. Re7 Rcf8 38. Rxc5 Rf1+ 39. Ke2 R8f2+ 40. Kd3 Rf3+ 41. Kc4 Rc1+ 42. Kb5 Rb1+ 43. Kc6 Rf6+ 44. Kc7 Ra1 45. Re8+ Kf7 46. Rxe5 1-0

[Event "Chessemy Open 2022"]
[Site "Reinstorf"]
[Date "2022.02.02"]
[Round "5.4"]
[White "Lubbe, Melanie"]
[Black "Koellner, Ruben Gideon"]
[Result "0-1"]
[WhiteElo "2297"]
[BlackElo "2428"]
[Annotator "TA"]
[PlyCount "70"]
[EventDate "2022.01.29"]
[EventType "swiss"]
[EventCountry "GER"]
[SourceTitle "playchess.com"]
[Source "ChessBase"]
[SourceQuality "1"]

1. e4 e5 2. Bc4 Nf6 3. d3 c6 4. Nf3 d5 5. Bb3 a5 6. a3 a4 7. Ba2 Bd6 8. exd5 cxd5 9. Nc3 Be6 10. O-O Nc6 11. Bg5 Ra5 12. Re1 O-O 13. h3 Re8 14. Qd2 d4 15. Bxf6 Qxf6 16. Ne4 Qd8 17. Bxe6 Rxe6 18. Nfg5 Rg6 19. f4 h6 20. Nxd6 Qxd6 21. Ne4 Qd7 22. Rf1 f5 23. Nf2 Qd5 24. Nh1 e4 25. Kh2 Rb5 26. Rab1 e3 27. Qe2 Qa2 28. Ng3 Rxb2 29. Rxb2 Qxb2 30. Nxf5 Qxa3 31. Qh5 Rf6 32. Rb1 Qf8 33. Nxd4 Nxd4 34. Qd5+ Ne6 35. f5 Qc5 0-1

[Event "Chessemy Open 2022"]
[Site "Reinstorf"]
[Date "2022.02.03"]
[Round "5.4"]
[White "Pfau, Beate"]
[Black "Fernandez Garcia, Alfonso Javier"]
[Result "1-0"]
[WhiteElo "2034"]
[BlackElo "1619"]
[Annotator "TA"]
[PlyCount "121"]
[EventDate "2022.01.29"]
[EventType "swiss"]
[EventCountry "GER"]
[SourceTitle "playchess.com"]
[Source "ChessBase"]
[SourceQuality "1"]

1. c4 Nf6 2. g3 g6 3. Bg2 Bg7 4. Nc3 O-O 5. Nf3 d6 6. d4 Nbd7 7. O-O c6 8. b3 e5 9. Qc2 exd4 10. Nxd4 Qc7 11. Bb2 Nc5 12. Rad1 a5 13. Rd2 Bd7 14. Ba3 Rad8 15. Rfd1 Rfe8 16. h3 Bc8 17. e3 Nfd7 18. Ne4 Nxe4 19. Bxe4 Nc5 20. Bg2 Bd7 21. Bb2 Bc8 22. Kh2 Bd7 23. Bc3 Bc8 24. a3 Ne6 25. Nxe6 Bxe6 26. Bxg7 Kxg7 27. Qc3+ f6 28. b4 axb4 29. Qxb4 Re7 30. a4 Kf7 31. Rb2 Ra8 32. Rdb1 Ra7 33. Bf1 Bf5 34. Rd1 c5 35. Qb3 Bd7 36. Ra1 Qa5 37. Qd3 Qc7 38. a5 Be6 39. Bg2 Rxa5 40. Rxa5 Qxa5 41. Qxd6 Bxc4 42. Bxb7 Qc7 43. Bd5+ Bxd5 44. Qxd5+ Kg7 45. Rc2 Re5 46. Qc4 Qc6 47. Rd2 Re7 48. h4 Rc7 49. e4 Qb6 50. Rd8 Rf7 51. Rc8 Rc7 52. Rg8+ Kh6 53. Qc1+ Kh5 54. Qd1+ Kh6 55. Qd2+ Kh5 56. Qe2+ Kh6 57. Qe3+ Kh5 58. Qf3+ Kh6 59. Qf4+ Kh5 60. g4+ Kxh4 61. Qg3+ 1-0

[Event "Chessemy Open 2022"]
[Site "Reinstorf"]
[Date "2022.02.02"]
[Round "5.5"]
[White "Vypkhaniuk, Ihor"]
[Black "Richter, Nils"]
[Result "1/2-1/2"]
[WhiteElo "2426"]
[BlackElo "2270"]
[Annotator "TA"]
[PlyCount "41"]
[EventDate "2022.01.29"]
[EventType "swiss"]
[EventCountry "GER"]
[SourceTitle "playchess.com"]
[Source "ChessBase"]
[SourceQuality "1"]

1. c4 e6 2. d4 d5 3. Nf3 a6 4. Bg5 Be7 5. Bxe7 Qxe7 6. Nbd2 Nf6 7. g3 b6 8. cxd5 exd5 9. Bg2 Bb7 10. O-O Nbd7 11. Rc1 c5 12. dxc5 bxc5 13. Re1 O-O 14. Qc2 Rfe8 15. Qf5 a5 16. Ng5 h6 17. Nh3 Nb6 18. Qc2 Rac8 19. Qb3 Qd6 20. Qa3 a4 21. Nf4 1/2-1/2

[Event "Chessemy Open 2022"]
[Site "Reinstorf"]
[Date "2022.02.03"]
[Round "5.5"]
[White "Schmidt, Theo"]
[Black "Luthardt, Christopher"]
[Result "1-0"]
[WhiteElo "1997"]
[BlackElo "1616"]
[Annotator "ChessBase"]
[PlyCount "25"]
[EventDate "2022.01.29"]
[EventType "swiss"]
[EventCountry "GER"]
[SourceTitle "playchess.com"]
[Source "ChessBase"]
[SourceQuality "1"]

1. e4 d5 2. exd5 Nf6 3. d4 Nxd5 4. Nf3 e6 5. Be2 b6 6. O-O Bd6 7. Ne5 O-O 8. Bf3 Ba6 9. Re1 Nd7 10. c4 N5f6 11. Qa4 Bxe5 12. dxe5 Nc5 13. Qa3 1-0

[Event "Chessemy Open 2022"]
[Site "Reinstorf"]
[Date "2022.02.02"]
[Round "5.6"]
[White "Gschnitzer, Adrian"]
[Black "Ermitsch, Magnus"]
[Result "1-0"]
[WhiteElo "2403"]
[BlackElo "2127"]
[Annotator "TA"]
[PlyCount "61"]
[EventDate "2022.01.29"]
[EventType "swiss"]
[EventCountry "GER"]
[SourceTitle "playchess.com"]
[Source "ChessBase"]
[SourceQuality "1"]

1. e4 c5 2. Nf3 e6 3. b3 b6 4. d4 cxd4 5. Nxd4 a6 6. Bb2 Bb7 7. Bd3 d6 8. Qe2 Nf6 9. c4 Be7 10. O-O Nbd7 11. Nc3 O-O 12. Rae1 Qc7 13. f4 Qc5 14. Kh1 Qh5 15. Rf3 Nc5 16. Bb1 Rad8 17. b4 Ncd7 18. Qf1 Rfe8 19. Rh3 Qg4 20. Rg3 Qh5 21. Nd5 exd5 22. Rg5 Qxg5 23. fxg5 Nxe4 24. cxd5 Nd2 25. Bxh7+ Kxh7 26. Qxf7 Ne5 27. Rxe5 dxe5 28. Ne6 Bf8 29. Qh5+ Kg8 30. g6 Rxe6 31. Qh7# 1-0

[Event "Chessemy Open 2022"]
[Site "Reinstorf"]
[Date "2022.02.03"]
[Round "5.6"]
[White "Gressmann, Hanna"]
[Black "Brandt, Wolfgang"]
[Result "1-0"]
[WhiteElo "1892"]
[BlackElo "1607"]
[Annotator "NA"]
[PlyCount "61"]
[EventDate "2022.01.29"]
[EventType "swiss"]
[EventCountry "GER"]
[SourceTitle "playchess.com"]
[Source "ChessBase"]
[SourceQuality "1"]

1. e4 c6 2. Nc3 d5 3. Nf3 dxe4 4. Nxe4 Nd7 5. Qe2 e6 6. d4 Ngf6 7. g3 Nxe4 8. Qxe4 Nf6 9. Qe2 Be7 10. Bg2 O-O 11. O-O Qc7 12. Rd1 Bd7 13. c4 c5 14. dxc5 Bxc5 15. Bf4 Qb6 16. Ne5 Bc6 17. Nxc6 bxc6 18. Rab1 Rfd8 19. Rxd8+ Rxd8 20. b4 Be7 21. Be3 Qc7 22. h3 h5 23. a4 h4 24. gxh4 g6 25. Qf3 c5 26. bxc5 Rb8 27. Rb7 Rxb7 28. Qxb7 Qxb7 29. Bxb7 Nd7 30. c6 Nb6 31. Bxb6 1-0

[Event "Chessemy Open 2022"]
[Site "Reinstorf"]
[Date "2022.02.02"]
[Round "5.7"]
[White "Tan, Justin"]
[Black "Koellner, Aaron Noah"]
[Result "1-0"]
[WhiteElo "2526"]
[BlackElo "2155"]
[Annotator "TA"]
[PlyCount "69"]
[EventDate "2022.01.29"]
[EventType "swiss"]
[EventCountry "GER"]
[SourceTitle "playchess.com"]
[Source "ChessBase"]
[SourceQuality "1"]

1. e4 c5 2. Nf3 e6 3. d4 cxd4 4. Nxd4 Nc6 5. Nc3 Qc7 6. Be3 a6 7. Qf3 Bd6 8. O-O-O Be5 9. Nxc6 bxc6 10. Bd4 Bf4+ 11. Kb1 Nf6 12. g3 Be5 13. Bxe5 Qxe5 14. Qe3 Ng4 15. Qe2 Rb8 16. Rd3 Nf6 17. f4 Qa5 18. e5 Nd5 19. Ne4 O-O 20. c4 f5 21. Qd2 Nb4 22. Ra3 Qc7 23. Nd6 c5 24. Bg2 Nc6 25. Bxc6 Qxc6 26. Rg1 Rb4 27. g4 fxg4 28. Rag3 Bb7 29. Rxg4 g6 30. f5 Rxf5 31. Rxg6+ hxg6 32. Rxg6+ Kf8 33. Qh6+ Ke7 34. Qh4+ Kf8 35. Qd8# 1-0

[Event "Chessemy Open 2022"]
[Site "Reinstorf"]
[Date "2022.02.03"]
[Round "5.7"]
[White "Klugstedt, Vincent"]
[Black "Steuer, Christopher"]
[Result "0-1"]
[WhiteElo "1874"]
[BlackElo "1574"]
[Annotator "NA"]
[PlyCount "98"]
[EventDate "2022.01.29"]
[EventType "swiss"]
[EventCountry "GER"]
[SourceTitle "playchess.com"]
[Source "ChessBase"]
[SourceQuality "1"]

1. d4 Nf6 2. Nf3 g6 3. c4 Bg7 4. Nc3 d5 5. cxd5 Nxd5 6. Bd2 c5 7. e4 Nxc3 8. Bxc3 cxd4 9. Nxd4 O-O 10. Qd2 Qb6 11. Rd1 Nc6 12. Nf3 Rd8 13. Qc1 Rxd1+ 14. Qxd1 Bxc3+ 15. bxc3 Qb2 16. Qb3 Qc1+ 17. Ke2 Be6 18. Qd1 Bc4+ 19. Ke1 Qxc3+ 20. Qd2 Qa1+ 21. Qd1 Qxa2 22. Bxc4 Qxc4 23. Qe2 Qb4+ 24. Kf1 Rd8 25. g3 Nd4 26. Qd1 Qb6 27. Kg2 Nxf3 28. Qxf3 Qf6 29. Qe3 Qd4 30. Qf4 b5 31. Rb1 b4 32. Rb3 a5 33. Rf3 f6 34. Qc7 Rd7 35. Qc8+ Kg7 36. e5 a4 37. h4 a3 38. Qc2 Qd2 39. Qc6 f5 40. Qa4 Qd4 41. Qc2 Qe4 42. Qc5 a2 43. e6 Qxe6 44. Qa5 Qe4 45. Qxa2 Rd3 46. Qa1+ Rc3 47. Qd1 Qxf3+ 48. Qxf3 Rxf3 49. Kxf3 b3 0-1